Ghosts in the fog : (Record no. 3806)

MARC details
000 -LEADER
fixed length control field 01972cam a2200361 a 4500
001 - CONTROL NUMBER
control field 3806
003 - CONTROL NUMBER IDENTIFIER
control field FISKH
005 - DATE AND TIME OF LATEST TRANSACTION
control field 20240509155411.0
008 - FIXED-LENGTH DATA ELEMENTS--GENERAL INFORMATION
fixed length control field 110719s2011 nyua j b 001 0 eng
010 ## - LIBRARY OF CONGRESS CONTROL NUMBER
LC control number 2011027821
020 ## - INTERNATIONAL STANDARD BOOK NUMBER
International Standard Book Number 9780545359276
040 ## - CATALOGING SOURCE
Original cataloging agency DLC
Transcribing agency DLC
Language of cataloging eng
Modifying agency FISKH
042 ## - AUTHENTICATION CODE
Authentication code pcc
043 ## - GEOGRAPHIC AREA CODE
Geographic area code n-us-ak
-- a-ja---
050 00 - LIBRARY OF CONGRESS CALL NUMBER
Classification number D769.87.A4
Item number S45 2011
082 00 - DEWEY DECIMAL CLASSIFICATION NUMBER
Classification number 940.54/28
Edition number 23
100 1# - MAIN ENTRY--PERSONAL NAME
Personal name Seiple, Samantha.
245 10 - TITLE STATEMENT
Title Ghosts in the fog :
Remainder of title the untold story of Alaska's WWII invasion /
Statement of responsibility, etc. by Samantha Seiple.
250 ## - EDITION STATEMENT
Edition statement First Edition
260 ## - PUBLICATION, DISTRIBUTION, ETC.
Place of publication, distribution, etc. New York :
Name of publisher, distributor, etc. Scholastic,
Date of publication, distribution, etc. c2011.
300 ## - PHYSICAL DESCRIPTION
Extent 221 pages :
Other physical details illustrations ;
Dimensions 21 cm.
504 ## - BIBLIOGRAPHY, ETC. NOTE
Bibliography, etc. note Includes bibliographical references (p. 200-212) and index.
520 ## - SUMMARY, ETC.
Summary, etc. "Ghosts in the fog is the first narrative nonfiction book for young adults to tell the riveting story of how the Japanese invaded and occupied the Aleutian Islands in Alaska during World War II. This fascinating little-known piece of American history is told from the point of view of the American civilians who were captured and taken prisoner, along with the American and Japanese soldiers who fought in one of the bloodiest battles of hand-to-hand combat during the war."--Amazon.com.
610 10 - SUBJECT ADDED ENTRY--CORPORATE NAME
Corporate name or jurisdiction name as entry element Japan.
Subordinate unit Kaigun
General subdivision History
Chronological subdivision World War, 1939-1945
Form subdivision Juvenile literature.
650 #0 - SUBJECT ADDED ENTRY--TOPICAL TERM
Topical term or geographic name entry element World War, 1939-1945
General subdivision Campaigns
Geographic subdivision Alaska
-- Aleutian Islands
Form subdivision Juvenile literature.
650 #0 - SUBJECT ADDED ENTRY--TOPICAL TERM
Topical term or geographic name entry element World War, 1939-1945
Geographic subdivision Alaska
-- Aleutian Islands
Form subdivision Juvenile literature.
651 #0 - SUBJECT ADDED ENTRY--GEOGRAPHIC NAME
Geographic name Aleutian Islands (Alaska)
General subdivision History, Military
Chronological subdivision 20th century
Form subdivision Juvenile literature.
651 #0 - SUBJECT ADDED ENTRY--GEOGRAPHIC NAME
Geographic name Aleutian Islands (Alaska)
General subdivision History, Naval
Chronological subdivision 20th century
Form subdivision Juvenile literature.
651 #0 - SUBJECT ADDED ENTRY--GEOGRAPHIC NAME
Geographic name Aleutian Islands (Alaska)
General subdivision History
Chronological subdivision 20th century
Form subdivision Juvenile literature.
906 ## - LOCAL DATA ELEMENT F, LDF (RLIN)
a 7
b cbc
c orignew
d 1
e ocip
f 20
g y-gencatlg
942 ## - ADDED ENTRY ELEMENTS (KOHA)
Source of classification or shelving scheme Dewey Decimal Classification
Koha item type Books
Suppress in OPAC No
Holdings
Withdrawn status Lost status Source of classification or shelving scheme Damaged status Not for loan Collection Home library Current library Shelving location Date acquired Total Checkouts Full call number Barcode Date due Date last seen Date last checked out Copy number Price effective from Koha item type
    Dewey Decimal Classification     Non-Fiction Footprints International School Library Network Toul Tom Poung Campus Footprints International School Library Network Toul Tom Poung Campus TTP Secondary Non-Fiction Bookshelves 05/09/2024 4 SEI 940.54 D769.A4 2024-0597 04/08/2026 03/25/2026 03/25/2026 1 05/09/2024 Books